[Event "TUR-chT Clubs"]
[Site "Konya"]
[Date "2019.07.16"]
[Round "1.12"]
[White "Kesgin, Halit Kaan"]
[Black "Altay, Servet Hakan"]
[Result "1-0"]
[WhiteElo "2104"]
[BlackElo "1463"]
[PlyCount "95"]
[EventDate "2019.07.16"]
[EventType "team-swiss"]
[EventRounds "9"]
[EventCountry "TUR"]
[SourceTitle "CBM 191 Extra"]
[Source "ChessBase"]
[SourceDate "2019.09.30"]
[SourceVersion "1"]
[SourceVersionDate "2019.09.30"]
[SourceQuality "1"]
[WhiteTeam "Kalite Dernegi"]
[BlackTeam "Altin Cocuklar"]
[WhiteTeamCountry "TUR"]
[BlackTeamCountry "TUR"]

1. e4 e5 2. Nf3 Nf6 3. Nxe5 d6 4. Nf3 Nxe4 5. Qe2 Qe7 6. d3 Nf6 7. Bg5 Qxe2+ 8. Bxe2 Be7 9. Nc3 c6 10. 0-0-0 0-0 11. Rhe1 Be6 12. Nd4 h6 13. Bh4 Nbd7 14. f4 c5 15. Nxe6 fxe6 16. Bf3 e5 17. Bxb7 Rae8 18. Bc6 Rd8 19. Nd5 Rf7 20. Nxe7+ Rxe7 21. Re2 Nf8 22. fxe5 dxe5 23. Rde1 Rd6 24. Bb5 Ng6 25. Bg3 Kh8 26. Bc4 Nd7 27. Bb5 Nf6 28. Bxe5 Rde6 29. d4 Nxe5 30. Rxe5 Rxe5 31. Rxe5 Rxe5 32. dxe5 Nd5 33. Kd2 g6 34. Bc6 Nc7 35. Kd3 Kg7 36. Kc4 Ne6 37. Kd5 Kf7 38. Kd6 Nd4 39. g4 Nxc6 40. Kxc6 Ke6 41. Kxc5 Kxe5 42. Kb5 Kf4 43. c4 Kxg4 44. c5 Kh3 45. c6 Kxh2 46. c7 Kg3 47. c8Q Kh4 48. Kc4 1-0

[Event "TUR Cup										"]
[Site "Antalya"]
[Date "2018.02.01"]
[Round "8"]
[White "Aktay, Hasan Nezih"]
[Black "Altay, Servet Hakan"]
[Result "0-1"]
[WhiteElo "1111"]
[BlackElo "1343"]
[PlyCount "100"]
[EventDate "2018.01.27"]
[EventType "swiss"]
[EventRounds "11"]
[EventCountry "TUR"]
[SourceTitle "CBM 182 Extra"]
[Source "ChessBase"]
[SourceDate "2018.02.23"]
[SourceVersion "1"]
[SourceVersionDate "2018.02.23"]
[SourceQuality "1"]

1. e4 e5 2. Nf3 Nc6 3. Bb5 Bc5 4. 0-0 Nge7 5. c3 a6 6. Ba4 b5 7. Bb3 d5 8. Nxe5 Nxe5 9. d4 dxe4 10. dxe5 Qxd1 11. Rxd1 Bb7 12. Bf4 0-0 13. Bg3 Rad8 14. Kf1 Bb6 15. a4 bxa4 16. Bxa4 Rxd1+ 17. Bxd1 f5 18. Bb3+ Nd5 19. Bf4 Kh8 20. Bxd5 Bxd5 21. Nd2 a5 22. b3 h6 23. h4 c5 24. c4 Bc6 25. Ke2 Bd8 26. f3 g5 27. hxg5 hxg5 28. Be3 exf3+ 29. gxf3 Re8 30. f4 gxf4 31. Bxf4 Bc7 32. Kf2 Kg8 33. Rg1+ Kh7 34. Rg5 Bxe5 35. Rxf5 Bd4+ 36. Kf1 Re6 37. Rh5+ Kg6 38. Rh6+ Kf5 39. Rxe6 Kxe6 40. Ke2 Bc3 41. Nb1 Bb4 42. Bd2 Be4 43. Bxb4 axb4 44. Kd1 Bxb1 45. Ke1 Bf5 46. Kd2 Ke5 47. Kc1 Kd4 48. Kb2 Kd3 49. Ka2 Kc3 50. Ka1 Bc2 0-1

[Event "TUR Cup										"]
[Site "Antalya"]
[Date "2018.01.30"]
[Round "6"]
[White "Kanicioglu, Ahmet Emre"]
[Black "Altay, Servet Hakan"]
[Result "0-1"]
[WhiteElo "1189"]
[BlackElo "1343"]
[PlyCount "62"]
[EventDate "2018.01.27"]
[EventType "swiss"]
[EventRounds "11"]
[EventCountry "TUR"]
[SourceTitle "CBM 182 Extra"]
[Source "ChessBase"]
[SourceDate "2018.02.23"]
[SourceVersion "1"]
[SourceVersionDate "2018.02.23"]
[SourceQuality "1"]

1. e4 e5 2. Nf3 Nc6 3. d4 exd4 4. Nxd4 Bc5 5. Be3 Qf6 6. Nb5 Bxe3 7. fxe3 Qh4+ 8. g3 Qxe4 9. N1c3 Qxe3+ 10. Qe2 Qxe2+ 11. Bxe2 Nb4 12. 0-0-0 Na6 13. Nd5 Kd8 14. Nbc3 c6 15. Bxa6 bxa6 16. Nb4 Bb7 17. Rd6 Nf6 18. Rhd1 Kc7 19. Na4 a5 20. Nc5 axb4 21. Nxd7 Nd5 22. Ne5 Kxd6 23. Nxf7+ Kc7 24. Nxh8 Rxh8 25. a4 Rf8 26. Rd4 Rf1+ 27. Kd2 Rf2+ 28. Kd3 Rxh2 29. c3 Nb6 30. a5 Nd7 31. Ke4 c5+ 0-1